Normal view
MARC view
- SUPERVISOR Dr. Shoab Ahmad Khan Dr. Muhammad Abbas
Entry Personal Name
001 - CONTROL NUMBER
- control field: 71364
003 - CONTROL NUMBER IDENTIFIER
- control field: NUST
005 - DATE AND TIME OF LATEST TRANSACTION
- control field: 20210628204627.0
008 - FIXED-LENGTH DATA ELEMENTS
- fixed length control field: 210628|| aca||aabn | a|a d
040 ## - CATALOGING SOURCE
- Original cataloging agency: NUST
- Transcribing agency: NUST
100 ## - HEADING--PERSONAL NAME
- Personal name: SUPERVISOR Dr. Shoab Ahmad Khan Dr. Muhammad Abbas
670 ## - SOURCE DATA FOUND
- Source citation: Work cat.: (NUST): NC Ahmad Mazhar PC Syed Imran Tahir 71362, PR-SOF-1641-Wi-fi controlled Car for the detection of mines, 2017
